| 000 | 00739nam a2200205 a 4500 | ||
|---|---|---|---|
| 001 | 2090 | ||
| 003 | CDMR | ||
| 005 | 20131128111902.0 | ||
| 008 | 130130s1996||||||||||||||||||||||||||||d | ||
| 040 |
_aCDMR _bcat _cCDMR |
||
| 245 | 0 | 0 |
_aDirectori iberoamericà d'investigació en comunicació _b: selecció d'institucions i persones |
| 260 |
_aBarcelona _bGeneralitat de Catalunya. Centre d'Investigació de la Comunicació _c1996 |
||
| 300 | _a181 p. | ||
| 490 | 0 |
_aObres de referència _v4 |
|
| 500 | _aTextos en català, castellà i portuguès | ||
| 650 | 0 | 4 |
_93284 _aComunicació _xInvestigació |
| 650 | 0 | 4 |
_94317 _aAssociacions, institucions, etc. _xDirectoris |
| 710 | 1 |
_9304 _aCentre d'Investigació de la Comunicació |
|
| 942 |
_cMON _2udc |
||
| 999 |
_c2090 _d2090 |
||